书目信息 |
| 题名: |
大学实用语文
|
|
| 作者: | 杜菁锋 , 李科林 主编 ;中国高等教育学会 组编 | |
| 分册: | ||
| 出版信息: | 北京 科学出版社 2005.06 |
|
| 页数: | 257页 | |
| 开本: | 26cm | |
| 丛书名: | ||
| 单 册: | ||
| 中图分类: | H1 | |
| 科图分类: | ||
| 主题词: | 语文--yu wen--高等教育--教材 | |
| 电子资源: | ||
| ISBN: | 7-03-015391-X | |
| 000 | 01089nam0 2200277 450 | |
| 001 | 012006216582 | |
| 005 | 20060914162124.93 | |
| 010 | @a7-03-015391-X@dCNY28.00 (含光盘) | |
| 100 | @a20060716d2005 km y0chiy0120 ea | |
| 101 | 0 | @achi |
| 102 | @aCN@b110000 | |
| 105 | @ay z 000yy | |
| 200 | 1 | @a大学实用语文@Ada xue shi yong yu wen@f杜菁锋, 李科林主编@Fdu jing feng,li ke lin zhu bian |
| 210 | @a北京@c科学出版社@d2005.06 | |
| 215 | @a257页@d26cm@e光盘1片 | |
| 307 | @a光盘 ISBN : 7-900185-30-5 | |
| 314 | @a中国高等教育学会组编 | |
| 330 | @a本书以中国文学、现代汉语规范化实用常识和常用的应用文写作为主线,突出了语文的基础性、人文性和工具性,主要内容包括:先秦、两汉文学;魏晋南北朝文学;唐宋文学;元明清文学;中国现代文学;当代文学;汉语基础等。 | |
| 333 | @a教育部高等职业教育基础课规划教材 | |
| 606 | 0 | @a语文@Ayu wen@x高等教育@j教材 |
| 690 | @aH1@v4 | |
| 701 | 0 | @a杜菁锋@Adu jing feng@4主编 |
| 701 | 0 | @a李科林@Ali ke lin@4主编 |
| 712 | 02 | @a中国高等教育学会@Azhong guo gao deng jiao yu xue hui@4组编 |
| 801 | 0 | @aCN@bpdsgxy@c20060914 |
| 905 | @apdsgxy@dH1@eD821 | |
| 大学实用语文/杜菁锋, 李科林主编.-北京:科学出版社,2005.06 |
| 257页;26cm+光盘1片 |
| 使用对象:教育部高等职业教育基础课规划教材 |
| ISBN 7-03-015391-X:CNY28.00 (含光盘) |
| 本书以中国文学、现代汉语规范化实用常识和常用的应用文写作为主线,突出了语文的基础性、人文性和工具性,主要内容包括:先秦、两汉文学;魏晋南北朝文学;唐宋文学;元明清文学;中国现代文学;当代文学;汉语基础等。 |
| ● |
| 相关链接 |
|
|
|
正题名:大学实用语文
索取号:H1/D821
 
预约/预借
| 序号 | 登录号 | 条形码 | 馆藏地/架位号 | 状态 | 备注 |
| 1 | 596063 | 205960637 | 语言库209/209语言库 69排1列3层/ [索取号:H1/D821] | 在馆 | |
| 2 | 596064 | 205960646 | 语言库209/209语言库 69排1列3层/ [索取号:H1/D821] | 在馆 | |
| 3 | 596065 | 205960655 | 语言库209/209语言库 69排1列3层/ [索取号:H1/D821] | 在馆 |